Beyond the vedas : (Record no. 146707)

MARC details
000 -LEADER
fixed length control field 00590nam a22001817a 4500
005 - DATE AND TIME OF LATEST TRANSACTION
control field 20171017142749.0
010 ## - LCCN (DPL NO)
LC control number ENG-121012
020 ## - INTERNATIONAL STANDARD BOOK NUMBER
Terms of availability 240.00
035 ## - SYSTEM CONTROL NUMBER
System control number EN-104544
037 ## - SOURCE OF ACQUISITION
Source of stock number/acquisition DBAD/PUB
082 ## - DEWEY DECIMAL CLASSIFICATION NUMBER
Classification number 230.51
100 ## - MAIN ENTRY--PERSONAL NAME
Personal name Sai, Vasantha
245 ## - TITLE STATEMENT
Title Beyond the vedas :
Statement of responsibility, etc by Vasantha Sai
Remainder of title supreme absolute /
260 ## - PUBLICATION, DISTRIBUTION, ETC. (IMPRINT)
Place of publication, distribution, etc Tamil Nadu
Name of publisher, distributor, etc Sai Vasanthasai Books & Publications
Date of publication, distribution, etc 2006
270 ## - ADDRESS
Address Royapalayam Village B.O. Thirumangalam S.O. Madurai-Virudhunagar Road
City Tamil Nadu
Postal code 625706
300 ## - PHYSICAL DESCRIPTION
Extent xii,263,[24p.]
Dimensions 25cm(pbk)
942 ## - ADDED ENTRY ELEMENTS (KOHA)
Source of classification or shelving scheme Dewey Decimal Classification
Item type English Books
Classification part 230.51
Call number suffix SAI
Holdings
Withdrawn status Lost status Not for loan Collection code Home library Current library Date acquired Source of acquisition Cost, normal purchase price Full call number Barcode Copy number Cost, replacement price Koha item type
    Not For Loan Non-fiction D.B.Act.Division Bawana 17/10/2017 DBAD/PUB 240.00 230.51 SAI EN-104544 1 240.00 English Books

© Delhi Public Library
Hit Counter
free hit counter